Español : sexto grado :
Saved in:
| Corporate Author: | |
|---|---|
| Format: | Book |
| Language: | Spanish |
| Published: |
México :
SEP. Comisión Nacional de los Libros de Texto Gratuitos,
1974, reimp. 2002.
|
| Textbook Catalogue: | MANES: Library Catalog Search Result |
| Textbook Classification: |
|
| Series: | Libro de texto gratuito.
|
| Online Access: | CONALITEG |
| Tags: |
Add Tag
No Tags, Be the first to tag this record!
|
| Added to: | 2005-11-20 |
| Changed in: | 2025-05-08 |
MARC
| LEADER | 00000cam a2200000 a 4500 | ||
|---|---|---|---|
| 003 | OSt | ||
| 005 | 20250508092021.0 | ||
| 008 | 051121n1974 mx f 000 0 spa u | ||
| 020 | |a 9682907608 | ||
| 040 | |a CINV |c CINV | ||
| 050 | 0 | 4 | |a LTG LB1577 |b M49L 6º 2002 |
| 110 | 2 | |a México. |b Comisión Nacional de los Libros de Texto Gratuitos. |9 24616 | |
| 245 | 1 | 0 | |a Español : |b sexto grado : |b lecturas / |c Secretaría de Educación Pública. |
| 260 | |a México : |b SEP. Comisión Nacional de los Libros de Texto Gratuitos, |c 1974, reimp. 2002. | ||
| 300 | |a 121 p. : |b il., : |c 26 cm. | ||
| 440 | |a Libro de texto gratuito. |9 21882 | ||
| 500 | |a Ciclo escolar 2003-2004 | ||
| 546 | |a México | ||
| 561 | |5 mx-CINVES |a México. DIE-Cinvestav (Ciudad de México) |k MANES | ||
| 690 | 0 | |a EyL | |
| 691 | 0 | |a PRI | |
| 856 | |3 CONALITEG |u https://historico.conaliteg.gob.mx/content/restricted/libros/carrusel.jsf?idLibro=210 | ||
| 910 | |a E-35192 | ||
| 942 | |2 lcc |c BK | ||
| 999 | |c 54522 |d 54522 | ||
| 999 | |c manes:54522 |d 54522 | ||